تكنولوجيا ميكانيكا الالات / (Record no. 7092)
[ view plain ]
| 000 -الفاتح | |
|---|---|
| حقل البيانات ثابتة الطول | 00839nam a2200265Ia 4500 |
| 008 - عناصر البيانات ثابتة الطول - معلومات عامة | |
| حقل البيانات ثابتة الطول | 140319s9999 xx 000 0 ara d |
| 020 ## - الرقم الدولى المعيارى للكتب | |
| الرقم الدولى المعيارى للكتاب | 4001883013 |
| 040 ## - مصدر الفهرسة | |
| وكالة الفهرسة الأصلية | GCL / |
| وكالة النسخ | GCL |
| 082 04 - رقم تصنيف ديوى العشرى | |
| رقم التصنيف | 621.8 |
| رقم المادة | ا ت |
| 100 1# - المدخل الرئيسى - إسم شخصى | |
| الإسم الشخصى | ابولد ،هانز |
| 245 10 - بيان العنوان | |
| العنوان | تكنولوجيا ميكانيكا الالات / |
| بيان المسئوليه,etc | ابولد ،هانز |
| 700 1# - المدخل الاضافى - اسم شخصى | |
| الإسم الشخصى | فايلر ، كورت |
| 700 1# - المدخل الاضافى - اسم شخصى | |
| الإسم الشخصى | جروند ، جورج |
| 700 1# - المدخل الاضافى - اسم شخصى | |
| الإسم الشخصى | راينهارد ، الفريد |
| 700 1# - المدخل الاضافى - اسم شخصى | |
| الإسم الشخصى | شميت ، باول |
| 250 ## - بيان الطبعة | |
| بيان الطبعة | الثانية |
| 260 ## - PUBLICATION, DISTRIBUTION, ETC. (IMPRINT) | |
| تاريخ النشر أو التوزيع | 1985 |
| 300 ## - الوصف المادى | |
| التعداد | 339ص ؛ |
| أبعاد الوعاء | 30سم |
| 490 ## - بيان السلسلة | |
| عنوان السلسلة | كتب تعليمية فنية |
| رقم المجلد/ التعيين التسلسلي | 0 |
| 650 04 - المدخل الاضافى بالموضوع-مصطلح موضوعى | |
| مصطلح موضوعي | الخراطة |
| 650 04 - المدخل الاضافى بالموضوع-مصطلح موضوعى | |
| مصطلح موضوعي | اشغال المعادن |
| 650 04 - المدخل الاضافى بالموضوع-مصطلح موضوعى | |
| مصطلح موضوعي | الالات - ميكانيكا |
| 942 ## - عناصر المدخل الإضافي( كوها) | |
| مصدر التصنيف او مخطط الترفيف | Dewey Decimal Classification |
| Koha [default] item type | كتاب |
| 260 ## - PUBLICATION, DISTRIBUTION, ETC. (IMPRINT) | |
| -- | الرياض : |
| -- | هاندفيرك اوند تشنيك ، |
| حالة التراجع | حالة الفقد | حالة تلف | ليس للاعارة | المكان المؤقت | الموقع الحالى | تاريخ الاكتساب | اجمالي اﻻعارات | رقم الطلب | الباركود | تاريخ اخر مشاهدة | تاريخ تفعيل السعر | نوع وعاء كوها |
|---|---|---|---|---|---|---|---|---|---|---|---|---|
| مكتبة القاهرة الكبرى | مكتبة القاهرة الكبرى | 03/26/2014 | 621.8\ ا ت | 14746 | 03/26/2014 | 03/26/2014 | كتاب |

